[Event "89th ch-ARG 2014"]
[Site "Saenz Pena ARG"]
[Date "2014.07.09"]
[Round "1.1"]
[White "Manzone, Alessandro"]
[Black "Alonso, Salvador"]
[Result "1-0"]
[BlackTitle "GM"]
[WhiteElo "2317"]
[BlackElo "2508"]
[WhiteFideId "112488"]
[BlackFideId "105198"]
[EventDate "2014.07.09"]

1. d4 d5 2. c4 c6 3. Nf3 Nf6 4. Nc3 dxc4 5. a4 Bf5 6. Ne5 Nbd7 7. Nxc4 Nb6 8.
Ne5 a5 9. g3 e6 10. Bg2 Bb4 11. O-O O-O 12. e3 h6 13. Qe2 Bh7 14. Rd1 Qe7 15. e4
Nfd7 16. Nd3 e5 17. Nxe5 Nxe5 18. dxe5 Qxe5 19. Be3 Bc5 20. Rac1 Bxe3 21. Qxe3
Nc4 22. Qd4 Qxd4 23. Rxd4 Ne5 24. f4 Ng6 25. Rd7 Rfb8 26. Bf1 Nf8 27. Re7 f6 28.
Rd1 Kh8 29. Rd6 Bg8 30. f5 Bb3 31. e5 fxe5 32. f6 g6 33. Kf2 Rd8 34. Rxd8 Rxd8
35. Rxb7 Be6 36. Ke3 Nd7 37. Ne4 Bd5 38. Bd3 Bxe4 39. Bxe4 Nxf6 40. Bxg6 Rd4 41.
b3 Nd5+ 42. Kf3 Nc3 43. Re7 Rd5 44. Be4 Rd2 45. Rxe5 Rb2 46. Bxc6 Rxb3 47. Kf4
Rb6 48. Be8 Rb4+ 49. Kf5 Nxa4 50. Bxa4 Rxa4 51. Kg6 Rg4+ 52. Kxh6 a4 53. Ra5 Kg8
54. Kh5 Rb4 55. Ra7 Rb5+ 56. Kh4 Rb2 57. h3 Ra2 58. g4 Ra1 59. Kg5 a3 60. h4 a2
61. h5 Kf8 62. h6 Rb1 63. Rxa2 Rb5+ 64. Kg6 Rb6+ 65. Kh5 Kg8 66. g5 Rb8 67. Ra6
Kh8 68. Ra7 Rc8 69. Rf7 Rb8 70. g6 Rb5+ 71. Kg4 Rb8 72. Kg5 Ra8 73. g7+ Kg8 74.
Kg6 1-0

[Event "89th ch-ARG 2014"]
[Site "Saenz Pena ARG"]
[Date "2014.07.09"]
[Round "1.2"]
[White "Iermito, Sebastian"]
[Black "Mahia, Gustavo"]
[Result "0-1"]
[WhiteTitle "IM"]
[BlackTitle "IM"]
[WhiteElo "2475"]
[BlackElo "2366"]
[WhiteFideId "114286"]
[BlackFideId "100439"]
[EventDate "2014.07.09"]

1. e4 e5 2. Nf3 Nc6 3. Bb5 a6 4. Ba4 Nf6 5. d3 d6 6. c3 g6 7. O-O Bg7 8. Re1 O-O
9. Nbd2 Bd7 10. Nf1 h6 11. Ng3 Re8 12. d4 exd4 13. cxd4 b5 14. Bc2 Bg4 15. Be3
Nd7 16. Rc1 Bxf3 17. gxf3 Nb4 18. Bb3 c5 19. a3 Nc6 20. dxc5 dxc5 21. Bxc5 Nxc5
22. Rxc5 Nd4 23. Rd5 Qf6 24. Re3 Nxb3 25. Rxb3 Rac8 26. Qd2 h5 27. Rd6 Re6 28.
Rxe6 Qxe6 29. Rd3 Qa2 30. Kg2 Qxb2 31. Rd8+ Rxd8 32. Qxd8+ Bf8 33. Qg5 Bg7 34.
Qd8+ Kh7 35. Qc7 h4 36. Nf1 Qf6 37. f4 Qc3 38. Qd7 h3+ 39. Kg1 Qxa3 40. f5 Qf3
41. fxg6+ fxg6 42. Ne3 b4 43. Qe6 a5 44. e5 a4 45. Qc4 b3 46. Qxa4 b2 47. Qb4
Bxe5 48. Qh4+ Qh5 49. Qe4 Qg5+ 50. Kf1 Bd4 51. Qb7+ Kh6 52. Qb8 Qc5 53. Qf4+ Kg7
54. Qe4 Bxe3 55. fxe3 Qf5+ 0-1

[Event "89th ch-ARG 2014"]
[Site "Saenz Pena ARG"]
[Date "2014.07.09"]
[Round "1.3"]
[White "Obregon, Andres Carlos"]
[Black "Villanueva, Mario"]
[Result "1/2-1/2"]
[WhiteTitle "IM"]
[BlackTitle "IM"]
[WhiteElo "2502"]
[BlackElo "2413"]
[WhiteFideId "111724"]
[BlackFideId "113433"]
[EventDate "2014.07.09"]

1. e4 e5 2. Nf3 Nf6 3. Nxe5 d6 4. Nf3 Nxe4 5. d4 d5 6. Bd3 Be7 7. O-O Nc6 8. c4
Nb4 9. Be2 Be6 10. Nc3 O-O 11. a3 Nxc3 12. bxc3 Nc6 13. c5 b6 14. Ba6 Na5 15.
Qa4 c6 16. Bf4 bxc5 17. Rab1 Bc8 18. Bxc8 Rxc8 19. Rbe1 Bf6 20. h3 cxd4 21. cxd4
h6 22. Bd2 Nc4 23. Bb4 Re8 24. Qxa7 Qb6 25. Qd7 Red8 26. Qg4 Ra8 27. Bc5 Qb3 28.
Ne5 Qb7 29. Rb1 Qc8 30. Qxc8 Raxc8 31. Nxc4 dxc4 32. Rfd1 Ra8 33. Rb4 1/2-1/2

[Event "89th ch-ARG 2014"]
[Site "Saenz Pena ARG"]
[Date "2014.07.09"]
[Round "1.4"]
[White "Real De Azua, Ernesto"]
[Black "Lorenzini, Martin"]
[Result "0-1"]
[WhiteTitle "IM"]
[WhiteElo "2443"]
[BlackElo "2488"]
[WhiteFideId "108154"]
[BlackFideId "105570"]
[EventDate "2014.07.09"]

1. Nf3 d5 2. c4 c6 3. e3 Nf6 4. Nc3 e6 5. b3 Bd6 6. Bb2 Nbd7 7. Qc2 Qe7 8. Be2
O-O 9. O-O Re8 10. Rad1 b6 11. d4 Bb7 12. Rfe1 Rad8 13. Bd3 dxc4 14. bxc4 h6 15.
h3 e5 16. Nh4 Bb8 17. Ne4 Nxe4 18. Nf5 Qe6 19. Bxe4 Nf6 20. dxe5 Nxe4 21. Qxe4
Bc8 22. g4 Ba6 23. Rxd8 Rxd8 24. Qxc6 Rd2 25. Bd4 Kh7 26. Nd6 Bxd6 27. exd6 Bxc4
28. Rc1 Bd5 29. Qc8 Rd1+ 30. Kh2 Rh1+ 31. Kg3 Rg1+ 0-1

[Event "89th ch-ARG 2014"]
[Site "Saenz Pena ARG"]
[Date "2014.07.09"]
[Round "1.5"]
[White "Liascovich, Lucas"]
[Black "Mareco, Sandro"]
[Result "1/2-1/2"]
[WhiteTitle "IM"]
[BlackTitle "GM"]
[WhiteElo "2478"]
[BlackElo "2592"]
[WhiteFideId "108634"]
[BlackFideId "112275"]
[EventDate "2014.07.09"]

1. d4 Nf6 2. c4 e6 3. Nf3 b6 4. Nc3 Bb7 5. a3 d5 6. Bg5 Be7 7. e3 O-O 8. Qc2
Nbd7 9. cxd5 exd5 10. Bd3 h6 11. Bf4 c5 12. O-O a6 13. Rad1 c4 14. Bf5 Re8 15.
Ne5 Nf8 16. Qe2 b5 17. Qf3 h5 18. Qg3 N6h7 19. Qf3 g6 20. Bh6 Bf6 21. Bb1 Ra7
22. e4 Bxe5 23. dxe5 d4 24. Rxd4 Qxd4 25. Be3 Qxe5 26. Bxa7 a5 27. Qe3 b4 28.
axb4 axb4 29. Nd5 Ne6 30. Nxb4 Qxb2 31. Qb6 Ba8 32. Nd5 Qe2 33. Qb5 Rd8 34. Nc3
Qg4 35. f3 Qg5 36. Qxg5 Nhxg5 37. Rd1 Rc8 38. Be3 Nh7 39. Ba2 Nf6 40. Nb5 c3 41.
Rc1 c2 42. Bxe6 fxe6 43. Nd4 e5 44. Rxc2 Rxc2 45. Nxc2 Kf7 46. Bg5 Nd7 47. Ne3
Ke6 48. h4 Bc6 49. Kf2 Nc5 50. Bh6 Bb7 51. Bg7 Nd3+ 52. Kg3 Bc6 53. Bh6 Kf7 54.
Bg5 Ke6 55. Kh2 Bb5 56. Kg1 Ba6 57. Nd5 Bc4 58. Ne3 Bb5 59. Kf1 Nb4+ 60. Ke1 Nc6
61. Kd2 Nd4 62. Bd8 Ne2 63. Nd5 Bc4 64. Bb6 Kd6 65. Ne3 Bb5 66. Ba7 Ba6 67. Nd5
Bc4 68. Bb8+ Ke6 69. Ne3 Ba6 70. Ba7 Bb5 71. Ke1 Ba6 72. Kf2 Nf4 73. g4 hxg4 74.
Nxg4 Nd3+ 75. Kg3 Nb4 76. Ne3 Nc6 77. Bc5 Be2 78. Kf2 Bb5 79. Nd5 Bc4 80. Ne3
Bb5 81. Ng4 Bc4 82. Ke3 Bb5 83. Nf2 Bc4 84. Nh3 Bb5 85. Ng5+ Kf6 86. Bb6 Ba6 87.
Bc5 Bb5 88. Ba3 Ba6 89. f4 exf4+ 90. Kxf4 Bc4 91. e5+ Kg7 92. e6 Kf6 93. e7 Bf7
94. Bc5 Be8 95. Ke4 Bd7 96. Ba3 Bf5+ 97. Kf4 Bd7 98. Ne4+ Kf7 99. Nd6+ Kxe7 100.
Kg5 Ne5 1/2-1/2

[Event "89th ch-ARG 2014"]
[Site "Saenz Pena ARG"]
[Date "2014.07.09"]
[Round "1.6"]
[White "Slipak, Sergio"]
[Black "Perez Ponsa, Federico"]
[Result "0-1"]
[WhiteTitle "GM"]
[BlackTitle "GM"]
[WhiteElo "2452"]
[BlackElo "2521"]
[WhiteFideId "100250"]
[BlackFideId "117927"]
[EventDate "2014.07.09"]

1. d4 Nf6 2. c3 b6 3. Bg5 Bb7 4. Nd2 e6 5. Ngf3 Be7 6. g3 c5 7. e3 O-O 8. Bg2 d5
9. O-O Nc6 10. Ne5 Nxe5 11. dxe5 Nd7 12. Bxe7 Qxe7 13. f4 Rad8 14. Qe2 Nb8 15.
e4 Ba6 16. c4 dxc4 17. Nxc4 Rd4 18. b3 Nc6 19. Rf2 Rfd8 20. Bf1 Bxc4 21. bxc4
Qd7 22. Re1 h6 23. Rg2 Nb4 24. Qf3 Rd2 25. Rxd2 Qxd2 26. Re2 Qc1 27. f5 Nd3 28.
f6 Nxe5 29. Qf4 Rd1 30. fxg7 Qxf4 31. gxf4 Nxc4 32. Kf2 Kxg7 33. e5 Rd4 34. Kg3
Kf8 35. Rf2 Ne3 36. Bh3 Rd3 37. Kh4 Nf5+ 38. Bxf5 exf5 39. Rc2 Ke7 40. Rg2 c4
41. Rg1 Rd8 0-1

[Event "89th ch-ARG 2014"]
[Site "Saenz Pena ARG"]
[Date "2014.07.09"]
[Round "1.7"]
[White "Felgaer, Ruben"]
[Black "Pichot, Alan"]
[Result "1/2-1/2"]
[WhiteTitle "GM"]
[BlackTitle "IM"]
[WhiteElo "2549"]
[BlackElo "2424"]
[WhiteFideId "107069"]
[BlackFideId "110973"]
[EventDate "2014.07.09"]

1. e4 c5 2. Nf3 e6 3. d4 cxd4 4. Nxd4 a6 5. Nc3 Qc7 6. Bd3 Nf6 7. O-O Bc5 8. Nb3
Be7 9. a4 Nc6 10. f4 d6 11. a5 b5 12. axb6 Qxb6+ 13. Kh1 Bb7 14. Qe2 Nb4 15. Na5
O-O 16. Be3 Qc7 17. Ra4 d5 18. e5 Ne4 19. Bd4 Bc6 20. Nxc6 Qxc6 21. Rxb4 Bxb4
22. Nxe4 dxe4 23. Bxe4 Qd7 24. Bxa8 Qxd4 25. c3 Qb6 26. Be4 Be7 27. f5 exf5 28.
Bxf5 Rb8 29. b4 Qc6 30. Qd3 g6 31. Bd7 Rd8 32. Rd1 Qc7 33. e6 f5 34. Qd4 Rb8 35.
Qe3 a5 36. bxa5 Qxa5 37. c4 Qa2 38. Bb5 Qc2 39. Rc1 Qb2 40. h3 Ra8 41. Qc3 Qxc3
42. Rxc3 Ra1+ 43. Kh2 Bd6+ 44. g3 Ra2+ 45. Kh1 Bc5 46. Rd3 Kg7 47. Rd1 Re2 48.
Rd7+ Kf6 49. Rxh7 Kxe6 50. Bc6 Kf6 51. Bd5 Bd6 52. Rf7+ Kg5 53. Bf3 Rf2 54. h4+ 1/2-1/2

[Event "89th ch-ARG 2014"]
[Site "Saenz Pena ARG"]
[Date "2014.07.10"]
[Round "2.1"]
[White "Alonso, Salvador"]
[Black "Pichot, Alan"]
[Result "1/2-1/2"]
[WhiteTitle "GM"]
[BlackTitle "IM"]
[WhiteElo "2508"]
[BlackElo "2424"]
[WhiteFideId "105198"]
[BlackFideId "110973"]
[EventDate "2014.07.09"]

1. e4 c5 2. Nf3 e6 3. d4 cxd4 4. Nxd4 a6 5. Bd3 Qc7 6. O-O Nf6 7. Qe2 d6 8. c4
g6 9. Nc3 Bg7 10. Nf3 O-O 11. Bf4 Nc6 12. Rac1 Nd7 13. Rfd1 Nde5 14. b3 b6 15.
Bb1 Rd8 16. Be3 Bd7 17. Ne1 Be8 18. Nd5 exd5 19. cxd5 Qb7 20. dxc6 Bxc6 21. f3
d5 22. exd5 1/2-1/2

[Event "89th ch-ARG 2014"]
[Site "Saenz Pena ARG"]
[Date "2014.07.10"]
[Round "2.2"]
[White "Perez Ponsa, Federico"]
[Black "Felgaer, Ruben"]
[Result "1/2-1/2"]
[WhiteTitle "GM"]
[BlackTitle "GM"]
[WhiteElo "2521"]
[BlackElo "2549"]
[WhiteFideId "117927"]
[BlackFideId "107069"]
[EventDate "2014.07.09"]

1. d4 d5 2. c4 c6 3. Nf3 Nf6 4. e3 Bg4 5. Qb3 Qb6 6. Nc3 e6 7. Nh4 Nbd7 8. h3
Bh5 9. g4 Bg6 10. Nxg6 hxg6 11. Bg2 Bb4 12. Bd2 a5 13. cxd5 cxd5 14. Qc2 O-O 15.
g5 Ne8 16. h4 Nd6 17. a3 Bxc3 18. Bxc3 Rfc8 19. a4 Qc6 20. h5 gxh5 21. Rxh5 g6
22. Rh6 Kf8 23. Rc1 Ke7 1/2-1/2

[Event "89th ch-ARG 2014"]
[Site "Saenz Pena ARG"]
[Date "2014.07.10"]
[Round "2.3"]
[White "Mareco, Sandro"]
[Black "Slipak, Sergio"]
[Result "1-0"]
[WhiteTitle "GM"]
[BlackTitle "GM"]
[WhiteElo "2592"]
[BlackElo "2452"]
[WhiteFideId "112275"]
[BlackFideId "100250"]
[EventDate "2014.07.09"]

1. d4 d5 2. c4 e6 3. Nf3 Nf6 4. g3 dxc4 5. Bg2 Bb4+ 6. Bd2 c5 7. a3 Bxd2+ 8.
Nbxd2 cxd4 9. Nxc4 Nc6 10. O-O O-O 11. Qd3 Re8 12. Nfe5 Nxe5 13. Nxe5 Qd6 14. f4
Bd7 15. Rfd1 Rad8 16. Rac1 Qb8 17. Qb3 b5 18. Rxd4 Qb6 19. e3 Bc8 20. Bc6 Rf8
21. Qxb5 Rxd4 22. Qxb6 axb6 23. exd4 Rd8 24. Bf3 Bd7 25. Nxd7 Nxd7 26. Rc6 Kf8
27. Kf2 Ke7 28. Ke3 h6 29. h4 g6 30. a4 h5 31. b4 Rb8 32. Kd3 Kd8 33. d5 e5 34.
Kc4 exf4 35. gxf4 b5+ 36. axb5 Nb6+ 37. Kd4 Nd7 38. Be2 Ra8 39. Ra6 Rc8 40. Bc4
Rb8 41. d6 Ke8 42. Ra7 Kd8 43. Bxf7 Rxb5 44. Ra8+ Nb8 45. Kc4 1-0

[Event "89th ch-ARG 2014"]
[Site "Saenz Pena ARG"]
[Date "2014.07.10"]
[Round "2.5"]
[White "Villanueva, Mario"]
[Black "Real De Azua, Ernesto"]
[Result "1-0"]
[WhiteTitle "IM"]
[BlackTitle "IM"]
[WhiteElo "2413"]
[BlackElo "2443"]
[WhiteFideId "113433"]
[BlackFideId "108154"]
[EventDate "2014.07.09"]

1. e4 e5 2. Nf3 Nc6 3. Bb5 a6 4. Ba4 Nf6 5. O-O Be7 6. Re1 b5 7. Bb3 d6 8. c3
O-O 9. d4 Bg4 10. Be3 exd4 11. cxd4 Na5 12. Bc2 Nc4 13. Bc1 c5 14. b3 Nb6 15.
Bb2 cxd4 16. Nbd2 Nfd7 17. h3 Bh5 18. g4 d3 19. Bxd3 Bg6 20. Nd4 Bg5 21. N2f3
Bf4 22. Nf5 Ne5 23. Bf1 Bxf5 24. exf5 Nbd7 25. a4 Nxf3+ 26. Qxf3 Be5 27. Bxe5
Nxe5 28. Qd5 bxa4 29. Rxa4 Qb6 30. Kg2 Nd7 31. Rd4 Nf6 32. Qxd6 Qxb3 33. Bc4
Qb7+ 34. f3 Rfe8 35. Rxe8+ Nxe8 36. Qd7 Qxd7 37. Rxd7 Kh8 38. Bxf7 Nf6 39. Rc7
h6 40. h4 a5 41. g5 Ne8 42. Bxe8 Rxe8 43. Ra7 hxg5 44. hxg5 Kg8 45. Rxa5 1-0

[Event "89th ch-ARG 2014"]
[Site "Saenz Pena ARG"]
[Date "2014.07.10"]
[Round "2.6"]
[White "Mahia, Gustavo"]
[Black "Obregon, Andres Carlos"]
[Result "1-0"]
[WhiteTitle "IM"]
[BlackTitle "IM"]
[WhiteElo "2366"]
[BlackElo "2502"]
[WhiteFideId "100439"]
[BlackFideId "111724"]
[EventDate "2014.07.09"]

1. e4 c5 2. Nf3 e6 3. d4 cxd4 4. Nxd4 Nf6 5. Nc3 d6 6. g3 Be7 7. Bg2 a6 8. O-O
Qc7 9. Re1 O-O 10. Qe2 Rd8 11. h3 Bd7 12. a4 Nc6 13. Be3 Ne5 14. Rad1 Rac8 15.
Kh2 Nc4 16. Bc1 Qa5 17. f4 Qb4 18. Rd3 Be8 19. b3 Na5 20. Bd2 Qb6 21. Be3 Qc7
22. Qf2 Nd7 23. Nd1 Nc5 24. Rd2 Nc6 25. Nxc6 Bxc6 26. Bd4 b5 27. axb5 axb5 28.
Nb2 Qb7 29. Rde2 b4 30. Bxc5 dxc5 31. e5 Rd4 32. Nc4 Bxg2 33. Qxg2 Qxg2+ 34.
Kxg2 Ra8 35. Rd2 Rxd2+ 36. Nxd2 Ra2 37. Rc1 f6 38. Nc4 Kf7 39. Kf3 h5 40. g4 g6
41. exf6 Bxf6 42. Ke4 Bc3 43. Ne5+ Kg7 44. gxh5 gxh5 45. Rg1+ Kh7 46. Kd3 Ra8
47. Rg5 Rd8+ 48. Kc4 Rd4+ 49. Kxc5 Rxf4 50. Rxh5+ Kg7 51. Nd3 Re4 52. Rg5+ Kf6
53. Rg4 Re2 54. Rf4+ Ke7 55. Nxb4 Bxb4+ 56. Rxb4 Rxc2+ 57. Rc4 Rd2 58. b4 Rd5+
59. Kc6 Rd6+ 60. Kb7 Rd7+ 61. Kb6 Rd6+ 62. Ka5 Rd3 63. h4 Kd6 64. b5 e5 65. b6
Ra3+ 66. Kb5 Rb3+ 67. Rb4 Ra3 68. Kc4 Rh3 69. Kb5 Ra3 70. Rb1 e4 71. Kc4 Ra4+
72. Rb4 Ra8 73. b7 Rb8 74. Kd4 Kc7 75. h5 e3 76. Kxe3 Re8+ 77. Kf4 Kb8 78. h6
Re6 79. Kg5 Re5+ 80. Kf6 Rh5 81. Kg6 Rd5 82. Rh4 Rd6+ 83. Kf5 Rd5+ 84. Ke6 1-0

[Event "89th ch-ARG 2014"]
[Site "Saenz Pena ARG"]
[Date "2014.07.10"]
[Round "2.7"]
[White "Manzone, Alessandro"]
[Black "Iermito, Sebastian"]
[Result "1/2-1/2"]
[BlackTitle "IM"]
[WhiteElo "2317"]
[BlackElo "2475"]
[WhiteFideId "112488"]
[BlackFideId "114286"]
[EventDate "2014.07.09"]

1. d4 Nf6 2. c4 g6 3. Nc3 Bg7 4. Nf3 O-O 5. g3 c5 6. Bg2 cxd4 7. Nxd4 Nc6 8. c5
Nxd4 9. Qxd4 d6 10. cxd6 Ne8 11. Qh4 Nxd6 12. O-O Nf5 13. Qe4 Nd6 14. Qh4 1/2-1/2

[Event "89th ch-ARG 2014"]
[Site "Saenz Pena ARG"]
[Date "2014.07.11"]
[Round "3.1"]
[White "Iermito, Sebastian"]
[Black "Alonso, Salvador"]
[Result "1/2-1/2"]
[WhiteTitle "IM"]
[BlackTitle "GM"]
[WhiteElo "2475"]
[BlackElo "2508"]
[WhiteFideId "114286"]
[BlackFideId "105198"]
[EventDate "2014.07.09"]

1. e4 c5 2. Nf3 e6 3. d4 cxd4 4. Nxd4 Nf6 5. Nc3 d6 6. g3 Bd7 7. Bg2 Nc6 8. O-O
a6 9. a4 Be7 10. Nxc6 Bxc6 11. a5 O-O 12. Be3 Nd7 13. Na4 f5 14. Nb6 Nxb6 15.
Bxb6 Qd7 16. Qd3 fxe4 17. Bxe4 Bxe4 18. Qxe4 d5 19. Qg4 Rac8 20. c3 Bc5 21. Bxc5
Rxc5 22. Rfe1 Rf5 23. Re3 Qf7 1/2-1/2

[Event "89th ch-ARG 2014"]
[Site "Saenz Pena ARG"]
[Date "2014.07.11"]
[Round "3.2"]
[White "Obregon, Andres Carlos"]
[Black "Manzone, Alessandro"]
[Result "0-1"]
[WhiteTitle "IM"]
[WhiteElo "2502"]
[BlackElo "2317"]
[WhiteFideId "111724"]
[BlackFideId "112488"]
[EventDate "2014.07.09"]

1. e4 c5 2. Nf3 e6 3. d4 cxd4 4. Nxd4 a6 5. Bd3 Qc7 6. O-O Nf6 7. Qe2 d6 8. f4
Nbd7 9. Kh1 Be7 10. c4 b6 11. Nc3 O-O 12. Bd2 Bb7 13. b4 Rfe8 14. Rac1 Bf8 15.
a3 Rac8 16. Nf3 g6 17. Qe1 Bg7 18. Qh4 Qd8 19. Qh3 Nf8 20. Be3 N6d7 21. Bd2 Nf6
22. Qh4 N6d7 23. Qf2 Rb8 24. Rfd1 Qc7 25. Be3 Ba8 26. Qd2 Red8 27. Bf2 Nf6 28.
Bh4 Rd7 29. h3 Nh5 30. g4 Nf6 31. Kg2 Qa7 32. Qe2 Qc7 33. Na4 Qb7 34. c5 bxc5
35. bxc5 Qc6 36. Nb6 Rxb6 37. cxb6 Qxb6 38. Rb1 Qa5 39. Rb8 Bb7 40. Rb1 Bc6 41.
R8b6 Bb5 42. Bf2 Qxa3 43. Bxb5 axb5 44. R6xb5 Rc7 45. R1b3 Qc1 46. Rb1 Qa3 47.
Bd4 Qa4 48. R1b2 Rc4 49. Qd3 Nh5 50. gxh5 Bxd4 51. Rb1 Bg7 52. Rb6 Rc3 53. Qd1
Qxe4 54. R1b4 Qf5 55. Rxd6 Qc5 56. Rb8 Qxh5 57. Rd3 Rc4 58. Rdd8 Qc5 59. Rdc8
Qxc8 60. Rxc8 Rxc8 61. Qd6 Rc4 62. Ng1 Rd4 63. Qb8 Rd5 64. Ne2 Bf6 65. Ng3 Rd4
66. Kf3 Rd3+ 67. Kg2 Kg7 68. Ne4 Nd7 69. Qc7 Be7 70. Kf2 Nf6 71. Ng5 Rd7 72. Qc3
h6 73. Nf3 Rd5 74. Ne1 e5 75. Kf3 e4+ 76. Ke2 Bd6 77. Ng2 Rf5 78. Qd2 Nd5 79.
Qd4+ Kg8 80. Kd1 Bxf4 81. Kc2 Nf6 82. Nh4 Re5 83. Ng2 Bh2 84. Qf2 Rf5 85. Qd4
Be5 86. Qd8+ Kg7 87. Ne3 Rf2+ 88. Kd1 Bf4 89. Nc4 Rf3 90. Qc8 Rc3 91. Ke2 h5 92.
Qc5 Rxh3 93. Na5 Rd3 94. Nc6 h4 95. Qe7 Rd7 96. Qa3 e3 97. Kf3 Bh6 98. Ne5 Rd2
99. Nd3 e2 100. Ne1 g5 101. Qc3 g4+ 102. Kf2 Bf4 103. Kg2 Rd1 0-1

[Event "89th ch-ARG 2014"]
[Site "Saenz Pena ARG"]
[Date "2014.07.11"]
[Round "3.3"]
[White "Real De Azua, Ernesto"]
[Black "Mahia, Gustavo"]
[Result "1/2-1/2"]
[WhiteTitle "IM"]
[BlackTitle "IM"]
[WhiteElo "2443"]
[BlackElo "2366"]
[WhiteFideId "108154"]
[BlackFideId "100439"]
[EventDate "2014.07.09"]

1. Nf3 c5 2. c4 Nc6 3. Nc3 g6 4. e3 d6 5. d4 Bg4 6. Be2 Bg7 7. O-O Nf6 8. h3 Bf5
9. d5 Na5 10. Nd2 e5 11. b3 O-O 12. Bb2 a6 13. e4 Bd7 14. Qc2 Rb8 15. Rae1 Bh6
16. Bc1 b5 17. Ndb1 Bxc1 18. Rxc1 bxc4 19. bxc4 Rb4 20. Nd2 Qb6 21. Rb1 Rb8 22.
Rfc1 Kg7 23. Qd3 Qd8 24. Qc2 Ng8 25. a3 R4b6 26. Rxb6 Rxb6 27. Rb1 Qb8 28. Rxb6
Qxb6 29. Nd1 1/2-1/2

[Event "89th ch-ARG 2014"]
[Site "Saenz Pena ARG"]
[Date "2014.07.11"]
[Round "3.4"]
[White "Liascovich, Lucas"]
[Black "Villanueva, Mario"]
[Result "1/2-1/2"]
[WhiteTitle "IM"]
[BlackTitle "IM"]
[WhiteElo "2478"]
[BlackElo "2413"]
[WhiteFideId "108634"]
[BlackFideId "113433"]
[EventDate "2014.07.09"]

1. d4 Nf6 2. Nf3 g6 3. g3 Bg7 4. Bg2 O-O 5. c4 d6 6. O-O Nc6 7. Nc3 a6 8. h3 Rb8
9. e4 b5 10. e5 Nd7 11. cxb5 axb5 12. Ng5 dxe5 13. Bxc6 exd4 14. Nxb5 Rb6 15.
Na7 Ra6 16. Nxc8 Rxc6 17. Na7 Rb6 18. Qa4 Nb8 19. Qc4 c6 20. Bf4 e5 1/2-1/2

[Event "89th ch-ARG 2014"]
[Site "Saenz Pena ARG"]
[Date "2014.07.11"]
[Round "3.5"]
[White "Slipak, Sergio"]
[Black "Lorenzini, Martin"]
[Result "0-1"]
[WhiteTitle "GM"]
[WhiteElo "2452"]
[BlackElo "2488"]
[WhiteFideId "100250"]
[BlackFideId "105570"]
[EventDate "2014.07.09"]

1. d4 Nf6 2. c4 e6 3. Nc3 d5 4. cxd5 exd5 5. Bg5 Be7 6. e3 c6 7. Qc2 Nbd7 8. Bd3
Nh5 9. Bxe7 Qxe7 10. Nge2 g6 11. O-O O-O 12. Rae1 Nb6 13. Nc1 Ng7 14. Nb3 Bf5
15. Nc5 Bxd3 16. Qxd3 Rad8 17. b4 Nc8 18. b5 b6 19. Na6 cxb5 20. Qxb5 Qb7 21.
Nb4 Ne7 22. Rc1 Ne6 23. Qa6 Qd7 24. Nb5 Rc8 25. a4 Rxc1 26. Rxc1 Ra8 27. h3 Kg7
28. Nd3 Nc6 29. a5 Nxa5 30. Ne5 Qb7 31. Qxb7 Nxb7 32. Nc7 Nxc7 33. Rxc7 Nd8 34.
Rd7 Kf8 35. Rxd5 f6 36. Nd3 Ke7 37. Rb5 Ne6 38. Kf1 Rc8 39. Rb2 Rc3 40. Ke2 Kd6
41. Kd2 Ra3 42. g4 Ng5 43. Nf4 Ne4+ 44. Ke2 b5 45. f3 Nc3+ 46. Kd2 a5 47. Nd3 b4
48. h4 Na4 49. Rc2 b3 50. Rc8 Ra2+ 51. Kc1 Ra1+ 52. Kd2 b2 53. Nxb2 Ra2 54. Rh8
Rxb2+ 55. Kd3 Rb3+ 56. Kd2 Rb7 57. Rf8 Ke7 58. Rh8 Ke6 59. Re8+ Kd5 60. Ra8 Rb2+
61. Kd3 Rb3+ 62. Kc2 Rb5 63. Ra7 h5 64. Rg7 hxg4 65. fxg4 Ke4 66. Re7+ Kf3 67.
Re6 Kxg4 68. Rxf6 Rb6 69. Rf4+ Kg3 70. Re4 Rc6+ 71. Kd2 Nb6 72. d5 Nxd5 73. h5
Nf6 74. Re5 Nxh5 75. Rxa5 Kf3 76. Rd5 Ng3 77. Kd3 Nf5 78. e4 Ne7 79. Rd8 g5 80.
Rf8+ Kg2 81. e5 g4 82. Ke4 Rc4+ 83. Kd3 Ra4 84. Rf7 Nc6 85. Rf5 Ra5 0-1

[Event "89th ch-ARG 2014"]
[Site "Saenz Pena ARG"]
[Date "2014.07.11"]
[Round "3.6"]
[White "Felgaer, Ruben"]
[Black "Mareco, Sandro"]
[Result "1/2-1/2"]
[WhiteTitle "GM"]
[BlackTitle "GM"]
[WhiteElo "2549"]
[BlackElo "2592"]
[WhiteFideId "107069"]
[BlackFideId "112275"]
[EventDate "2014.07.09"]

1. e4 c5 2. Nf3 d6 3. d4 cxd4 4. Nxd4 Nf6 5. Nc3 a6 6. Bg5 Nbd7 7. Qd2 e6 8. Bc4
Nc5 9. Bxf6 Qxf6 10. a3 b5 11. Ba2 Bb7 12. O-O-O Be7 13. Rhe1 g5 14. Kb1 O-O-O
15. f3 h5 16. Qf2 Qe5 17. b4 h4 18. g3 hxg3 19. hxg3 Nd7 20. Rd3 Rh3 21. Nd5
exd5 22. exd5 Qf6 23. Rc3+ Nc5 24. bxc5 dxc5 25. Rxe7 Qxe7 26. Nf5 Qe5 27. Qxc5+
Kb8 28. Ne7 Qd6 29. Nc6+ Bxc6 30. dxc6 Qxc5 31. Rxc5 Rc8 32. Rxg5 Rxc6 33. Bxf7
Rc3 34. Bd5 Rxa3 35. Bb3 Rh1+ 36. Kb2 Raa1 37. Kc3 Rhf1 38. Rf5 Kc7 39. Kb4 Rae1
40. Rf7+ Kd6 1/2-1/2

[Event "89th ch-ARG 2014"]
[Site "Saenz Pena ARG"]
[Date "2014.07.11"]
[Round "3.7"]
[White "Pichot, Alan"]
[Black "Perez Ponsa, Federico"]
[Result "0-1"]
[WhiteTitle "IM"]
[BlackTitle "GM"]
[WhiteElo "2424"]
[BlackElo "2521"]
[WhiteFideId "110973"]
[BlackFideId "117927"]
[EventDate "2014.07.09"]

1. e4 c5 2. Nf3 d6 3. c3 Nf6 4. h3 Nc6 5. Bd3 d5 6. e5 c4 7. Bc2 Nd7 8. Qe2 Qc7
9. e6 fxe6 10. b3 b5 11. d4 e5 12. dxe5 e6 13. Bf4 Be7 14. O-O O-O 15. Bg3 a5
16. Nd4 Nxd4 17. cxd4 Rf7 18. Nd2 Ba6 19. Qg4 Nf8 20. Rac1 Ba3 21. Rcd1 cxb3 22.
Bxb3 Qb6 23. Nf3 Rc8 24. Ng5 Rf5 25. Bxd5 Rxg5 26. Qxg5 exd5 27. f4 Qg6 28. Qg4
b4 29. Rfe1 Qxg4 30. hxg4 Bc4 31. Rd2 a4 32. Ra1 Ne6 33. Kf2 Ba6 34. Bh2 Nxd4
35. Rxd4 Bb2 36. Rdd1 Rc2+ 37. Kg1 Bxa1 38. Rxa1 Bd3 39. Bg3 Be4 40. Bf2 Kf7 41.
f5 h5 42. e6+ Kf8 43. gxh5 Bxf5 44. Bd4 Be4 45. g3 Ke7 46. Bxg7 Kxe6 47. h6 Rg2+
48. Kf1 Rxg3 49. Rc1 Ra3 50. Rc6+ Kd7 51. Rb6 Rxa2 52. Rxb4 Bd3+ 53. Ke1 Re2+
54. Kd1 Rh2 55. Be5 Rh5 56. Bg7 Bc4 57. Kd2 a3 58. Ra4 a2 59. Ke3 Kc6 60. Kd2
Rh3 61. Ra7 d4 62. Ra8 Rh2+ 63. Kc1 d3 64. Bc3 Rh1+ 65. Kd2 Rh2+ 66. Ke3 Rh3+
67. Kd4 Rh4+ 68. Ke3 Rxh6 69. Rc8+ Kb5 70. Rb8+ Ka6 71. Rb4 Re6+ 72. Kd4 a1=Q
73. Bxa1 d2 0-1

[Event "89th ch-ARG 2014"]
[Site "Saenz Pena ARG"]
[Date "2014.07.11"]
[Round "4.1"]
[White "Alonso, Salvador"]
[Black "Perez Ponsa, Federico"]
[Result "1/2-1/2"]
[WhiteTitle "GM"]
[BlackTitle "GM"]
[WhiteElo "2508"]
[BlackElo "2521"]
[WhiteFideId "105198"]
[BlackFideId "117927"]
[EventDate "2014.07.09"]

1. e4 c5 2. Nf3 d6 3. d4 cxd4 4. Nxd4 Nf6 5. Nc3 a6 6. h3 e6 7. g4 Be7 8. g5
Nfd7 9. h4 b5 10. a3 Bb7 11. Be3 Nb6 12. f4 N8d7 13. f5 Nc5 14. fxe6 O-O 15.
exf7+ Rxf7 16. Qg4 Qc8 17. Rg1 Qxg4 18. Rxg4 Nbd7 19. Bh3 Ne5 20. Rg3 Kh8 21.
Bg2 Nc4 22. O-O-O d5 1/2-1/2